000 01030cab a2200193 4500
001 L130477
008 050803n2005 000 0 eng u
035 _a(Sirsi) u130477
041 _aeng
100 _aBrewer, Geoff
245 _aAgreements to agree
260 _c2005
490 _aContract Journal
_v429(6535)
520 _aDiscusses the case "Willis Management (Isle of Man) Ltd v Cable and Wireless plc and Pender Insurance Ltd" ([2005] EWCA Civ 806). It involved a fraudulent scheme by an underwriter at Willis (W) and staff at Cable and Wireless to divert premium income from Pender (P) into companies they owned. W agreed to co-operate with the investigations. The court had to consider whether to uphold this agreement. However, in line with previous cases, the agreement was not enforced by the court.
590 _aIKA160805
650 _aWILLIS MANAGEMENT (ISLE OF MAN) LTD V CABLE AND WIRELESS PLC AND PENDER INSURANCE LTD
690 _aMANAGEMENT-DISPUTE AVOIDANCE, MANAGEMENT AND RESOLUTION
942 _n0
999 _c75641
_d75641